000 00361nam a2200133Ia 4500
008 240624s9999 xx 000 0 und d
041 _aeng
082 _a828 NIE
100 _aNIERENBERG GERALDI I
245 _aHOW TO READ A PERSON LIKE A BOOK A COMPR
260 _c2012
_aNew Delhi
_bThree ESS Publications
300 _a200 : p. : cm. ; 23
365 _cRS
_b25
999 _c23688
_d23688